000 01493nam0a2200325 4500
001 RU\NLR\bibl\1777610
005 20250616133515.0
010 _a978-5-94611-099-0
_9100
021 _aRU
_b2011-35549
_92534
035 _a(NLR Aleph) 001768372
090 _a1622177
_c1622177
100 _a20110607d2010 |||y0rusy50 ca
101 0 _arus
102 _aRU
105 _aa |||||||||
200 1 _aЮгорские физические олимпиады школьников
_e[сборник]
_fВ. А. Вьюн
_gАвтоном. учреждение доп. проф. образования Ханты-Манс. авт. окр. - Югры "Ин-т развития образования"
210 _aХанты-Мансийск
_cИнститут развития образования
_d2010
215 _a234, [1] с.
_cил., портр.
_d21
300 _aВ конце кн. авт.: В.А. Вьюн, д.ф.-м.н.
606 1 _aФизика
_xОлимпиады школьные
_zХанты-Мансийский автономный округ-Югра
_92098091
_3RU\NLR\auth\661572736
686 1 _aЧ426.51-382.61
700 1 _aВьюн
_bВ. А.
_gВладимир Алексеевич
_4070
801 0 _aRU
_bNLR
_c20110607
_gRCR
801 1 _aRU
_bNLR
_c20110607
830 _aавт. по кн.
942 _cBOOK
980 _aNB